Proceedings of the Seminar on Energy from Biomas 2006 : Conversion of Bioresources into Energy and Other Applications, 25-26 July 2006, FRIM, Kepong

Bibliographic Details
Corporate Author: JPSM
Other Authors: Koh Mok Poh, Mahanim Sarif@Mohd Ali, Mohd Nor Mohd Yusoff, Puad Elham, Rafidah Jalil, Shaharuddin Hashim
Format: Book
Published: Selangor : FRIM , 2006
Subjects:

MARC

LEADER 00000cam a2200000 7i4500
001 0000004052
005 20151030.0
020 0 0 |a 9789832181910 
090 0 0 |a 662.8   |b BIO 2006 
245 0 0 |a Proceedings of the Seminar on Energy from Biomas 2006 :   |b Conversion of Bioresources into Energy and Other Applications, 25-26 July 2006, FRIM, Kepong   |c editors Wan Asma Ibrahim...[et.all]... 
260 0 0 |a Selangor :   |b FRIM ,   |c 2006 
300 |a vii.135 pages. :   |b ill ;   |c 29 cm. 
650 0 0 |a Biomas energy---Congresses 
650 0 0 |a Energy conversion---Congresses 
700 0 1 |a Koh Mok Poh 
700 0 1 |a Mahanim Sarif@Mohd Ali 
700 0 1 |a Mohd Nor Mohd Yusoff 
700 0 1 |a Puad Elham 
700 0 1 |a Rafidah Jalil 
700 0 1 |a Shaharuddin Hashim 
710 1 1 |a JPSM 
999 |a 007868   |b Monograph   |c Open Shelf   |e Default branch